000 01280nam a22002297a 4500
008 250626b |||||||| |||| 00| 0 eng d
020 _a9780008663797
040 _ctbs
041 _aeng
050 _aPS3613
_b.O.5644G64 2024
100 _aMoore, Liz
_d1983-
_925607
_eauthor
245 _aThe god of the woods
_c/ Liz Moore.
260 _aLondon,
_bBorough Press,
_c2024.
300 _a435 pages :
_bmap ;
_c24 cm.
520 _aSome said it was tragic, what happened to the Van Laars. Some said the Van Laars deserved it. That they never even thanked the searchers who stayed out for five nights in the freezing forest trying to help find their missing son. Some said there was a reason it took the family so long to call for help. That they knew what happened to the boy. Now, fifteen years later, the daughter the family had in their grief has gone missing in the same wilderness as her brother. Some say the two disappearances aren’t connected. Some say they are.
650 0 _aCamps
_vFiction
_925608
650 0 _aMissing persons
_xInvestigation
_vFiction
_925609
650 0 _aFamily secrets
_vFiction
_923679
651 0 _aAdirondack Mountains (N.Y.)
_xHistory
_y20th century
_vFiction
_925610
655 0 _aDetective and mystery fiction
_923664
942 _2lcc
999 _c4805
_d4805